| 000 | 01865nam a2200229 4500 | ||
|---|---|---|---|
| 001 | ESSALUD | ||
| 005 | 20260630193833.0 | ||
| 007 | ta | ||
| 008 | t pe ||||| |||| 00| 0 spa d | ||
| 040 | _aBMG | ||
| 041 | _aspa | ||
| 100 |
_aTribunal Constitucional. Pleno Jurisdiccional _eAutor _953011 |
||
| 245 | _aTribunal Constitucional: no se puede juzgar como adultos a los adolescentes de 16 y 17 años | ||
| 300 | _apáginas 115-144 | ||
| 520 | _aLa edad mínima de imputabilidad penal es de 18 años, por lo que los adolescentes de 16 y 17 años a los que se les atribuya la comisión de una infracción a la ley penal, deberán ser juzgados y sancionados en el sistema penal juvenil, en los términos previstos en el Código de Responsabilidad Penal de Adolescentes. Todos los procesos tramitados de acuerdo con el Código Procesa l Penal de 2004 en contra de adolescentes de 16 y 17 años, a partir de la entrada en vigencia de la Ley N° 32330, deberán ser archivados, a fin de que las investigaciones sean reconducidas a los órganos competentes a tenor de lo dispuesto en el Código de Responsabilidad Penal de Adolescentes (Decreto Legislativo N° 1348), conforme a su normativa vigente, y en el Nuevo Código de los Niños y Adolescentes (Ley N° 27337), en lo que fuere aplicable. Será en estos nuevos procesos, bajo la dirección del fiscal y juez de familia, en los que se deberá determinar la situación jurídica de los adolescentes investigados, así como las medidas de coerción aplicables conforme al caso concreto. | ||
| 650 | _aADOLESCENTES | ||
| 650 |
_aADULTOS _97565 |
||
| 650 |
_aDERECHO PENAL _9156 |
||
| 650 |
_aCÓDIGO DE NIÑOS Y ADOLESCENTES _953012 |
||
| 773 | 0 |
_022573 _922620 _dLima Grupo Praxis Formación Profesional, 2026- _oPRA001 _tPraxis Civil & Procesal Civil _wESSALUD _x3119-7671 |
|
| 942 |
_cARTICULOS _e2026-06-30 _zsqb |
||
| 999 |
_c22587 _d22587 |
||